Discrete mathematical structures with applications to computer science / (Record no. 133)

MARC details
000 -LEADER
fixed length control field 00722cam a2200217 4500
001 - CONTROL NUMBER
control field 148
005 - DATE AND TIME OF LATEST TRANSACTION
control field 20181127160609.0
008 - FIXED-LENGTH DATA ELEMENTS--GENERAL INFORMATION
fixed length control field 741022s1975 nyua b 001 0 eng
010 ## - LIBRARY OF CONGRESS CONTROL NUMBER
LC control number 74023954
020 ## - INTERNATIONAL STANDARD BOOK NUMBER
International Standard Book Number 0070651426
100 1# - MAIN ENTRY--PERSONAL NAME
Personal name Tremblay, Jean-Paul,
Dates associated with a name 1938-
245 10 - TITLE STATEMENT
Title Discrete mathematical structures with applications to computer science /
Statement of responsibility, etc. J. P. Tremblay, R. Manohar.
260 ## - PUBLICATION, DISTRIBUTION, ETC.
Place of publication, distribution, etc. New Delhi :
Name of publisher, distributor, etc. Tata McGraw-Hill,
Date of publication, distribution, etc. 1997
300 ## - PHYSICAL DESCRIPTION
Extent xvi, 606 p. :
Other physical details ill. ;
Dimensions 24 cm.
490 0# - SERIES STATEMENT
Series statement McGraw-Hill computer science series
504 ## - BIBLIOGRAPHY, ETC. NOTE
Bibliography, etc. note Includes bibliographies and index.
650 #0 - SUBJECT ADDED ENTRY--TOPICAL TERM
Topical term or geographic name entry element Electronic data processing.
Topical term or geographic name entry element Machine theory.
Topical term or geographic name entry element Mathematics.
700 1# - ADDED ENTRY--PERSONAL NAME
Personal name Manohar, R.,
Dates associated with a name 1925-
Relator term joint author.
Holdings
Withdrawn status Lost status Source of classification or shelving scheme Damaged status Not for loan Collection code Home library Current library Shelving location Date acquired Cost, normal purchase price Serial Enumeration / chronology Inventory number Full call number Barcode Date last seen Copy number Price effective from Koha item type
    Dewey Decimal Classification     Main TEST RTC Library RTC Library Main opac 05/03/2022 252.00 235 510.02 TRE 1975 c.1 30001985 27/11/2018 1 27/11/2018 Main
    Dewey Decimal Classification     Main TEST RTC Library RTC Library Main opac 05/03/2022 252.00 231 510.02 TRE 30002954 27/11/2018 6 27/11/2018 Main
    Dewey Decimal Classification     Main TEST RTC Library RTC Library Main opac 05/03/2022 252.00 234 510.02 TRE 30002903 27/11/2018 5 27/11/2018 Main
    Dewey Decimal Classification     Main TEST RTC Library RTC Library Main opac 05/03/2022 252.00 233 510.02 TRE 30002882 27/11/2018 4 27/11/2018 Main
    Dewey Decimal Classification     Main TEST RTC Library RTC Library Main opac 05/03/2022 252.00 232 510.02 TRE 30005783 27/11/2018 3 27/11/2018 Main
    Dewey Decimal Classification     Main TEST RTC Library RTC Library Main opac 05/03/2022 252.00 230 510.02 TRE 30005649 27/11/2018 2 27/11/2018 Main
Royal Thimphu College || All Right Reserved